01275nam a2200277 u 450000100070000000500170000700800410002403500110006504000130007604100080008908200080009710000520010524501390015726000430029630000140033965000350035365000320038865000440042070000510046470000480051594200100056399900170057350001150059095201250070595201670083010973820260506081506.0961101s1996 ||||||m| spa  a109738 ccomduadb aspa 4a36210aVinasco Cortes, Lina Patricia4auteaut951063310aFactores que a nivel socio-familiar, economico y cultural, influyen en los pacientes con tuberculosis pulmonar en el hospital La Maria aMedellín :b[sin publicador],c1996. a155 hojas aTrabajo social en salud931503 aTuberculosis pulmonar99778 aHospital La María (Medellín)91403710aHenao Marin, Margarita Maria4auteaut948587110aCardona Cano, Ruth Amparo4auteaut9317465 cTESIS c89801d89801 aTesis (Especialista en Gerencia del Desarrollo Social). Universidad de Antioquia - Título del grado otorgado 001040708ANTIOQUIAaBCbBCd1996-11-01iC163847l0o362.61 B562fp0999113r2023-04-22 00:00:00t1w2023-04-22yTESISI 001040708TESISBCaBCbBCd2002-05-08eMaterial adquirido por donacióniC732536l0o362.61 B562f e2p61000003556988r2023-04-22 00:00:00t2w2023-04-22yTESIS